000
00324nam a2200109Ia 4500
008
200302s9999 xx 000 0 und d
100
_a
Karel Werner
245
_a
Symbols in Art and Religion the Indian and the Comarative Perspectives
260
_b
Motilal Banarsidass Publishers Pvt. Ltd.
260
_c
1991
300
_a
221 P.,
999
_c
2454
_d
2454